The draft mayor's housing strategy (Record no. 107498)

MARC details
000 -LEADER
fixed length control field 01154cad a22002055a 4500
001 - CONTROL NUMBER
control field L140414
008 - FIXED-LENGTH DATA ELEMENTS--GENERAL INFORMATION
fixed length control field 070920e20070918xxkbdo f s f000 0 eng d
035 ## - SYSTEM CONTROL NUMBER
System control number (Sirsi) u140414
041 0# - LANGUAGE CODE
Language code of text/sound track or separate title eng
050 04 - LIBRARY OF CONGRESS CALL NUMBER
Classification number 306.1 $2 18
110 1# - MAIN ENTRY--CORPORATE NAME
Corporate name or jurisdiction name as entry element London
Subordinate unit Greater London Authority
9 (RLIN) 3989
245 04 - TITLE STATEMENT
Title The draft mayor's housing strategy
Medium [electronic resource]
260 ## - PUBLICATION, DISTRIBUTION, ETC.
Place of publication, distribution, etc. London
Name of publisher, distributor, etc. GLA
Date of publication, distribution, etc. 2007
520 ## - SUMMARY, ETC.
Summary, etc. Outlines the Mayor's housing policy objectives, and invites responses for consultation. Key aims are to supply more affordable and family homes; assist people on low to middle incomes in gaining access to the housing ladder; and to increase choice and mobility. It considers that more affordable homes will contribute to successful neighbourhoods. Improvements in environmental standards and use of resources will improve the standard of living and reduce the impact of climate change. Also aims to maximise social inclusiveness.
590 ## - LOCAL NOTE (RLIN)
Local note KA
651 #4 - SUBJECT ADDED ENTRY--GEOGRAPHIC NAME
Geographic name London
690 ## - LOCAL SUBJECT ADDED ENTRY--TOPICAL TERM (OCLC, RLIN)
Topical term or geographic name as entry element PROPERTY-RESIDENTIAL PROPERTY
856 40 - ELECTRONIC LOCATION AND ACCESS
Uniform Resource Identifier <a href="https://www.london.gov.uk/mayor/housing/strategy/index.jsp">https://www.london.gov.uk/mayor/housing/strategy/index.jsp</a>
Public note View the item free of charge at www.london.gov.uk...
942 ## - ADDED ENTRY ELEMENTS (KOHA)
Suppress in OPAC 0
Holdings
Withdrawn status Lost status Source of classification or shelving scheme Damaged status Not for loan Home library Current library Shelving location Date acquired Total Checkouts Full call number Barcode Date last seen Copy number Price effective from Koha item type
    Dewey Decimal Classification     Virtual Virtual Online 20/09/2007   ONLINE PUBLICATION 140414-1001 06/08/2019 1 06/08/2019 Book